| 000 | 00656nam a2200217 i 4500 | ||
|---|---|---|---|
| 001 | 88074 | ||
| 003 | ES-MaACL | ||
| 005 | 20231218203530.0 | ||
| 007 | t| | ||
| 008 | 050103s1963 sp ||||1| spa d | ||
| 100 | 1 |
_aLaforet, Carmen, _d1921-2004 _969515 |
|
| 245 | 1 | 0 |
_aTres pasos fuera del tiempo _b: La insolación : novela / _cCarmen Laforet. |
| 250 | _a2ª ed. | ||
| 260 |
_aBarcelona : _bPlaneta, _c1963. |
||
| 300 |
_a365 p. ; _c19 cm. |
||
| 490 | 1 | _aAutores españoles contemporáneos | |
| 740 | 3 | _aLa insolación. | |
| 830 | 0 |
_aAutores españoles contemporáneos _9180811 |
|
| 852 |
_aES-MaACL _jC-24670 _bR.53263 |
||
| 999 |
_c88074 _d88074 |
||